000 00368 a2200145 4500
005 20250607094837.0
020 _a0-9532490-8-5
082 _a001.6 HEA
100 _aHEATHCOTE, P. M.
245 _a' A' Level Ict.
250 _a2nd Ed
260 _aNorthgate street,
_bPayne-Gallaway,
_c2000.
300 _axii, 371p.: ill.; figure, table.
_bIndex
_c27cm.
942 _2ddc
_cBKS
999 _c43
_d43